A szőlőtermesztés problémái Petőfiszálláson
Elmentve itt :
| Szerző: | |
|---|---|
| További közreműködők: | |
| Dokumentumtípus: | Szakdolgozat |
| Megjelent: |
1964
|
| Tárgyszavak: | |
| Online Access: | http://diploma.bibl.u-szeged.hu/82350 |
| LEADER | 00545nta a2200157 i 4500 | ||
|---|---|---|---|
| 001 | dipl82350 | ||
| 005 | 20200623094527.0 | ||
| 008 | 200420s1964 hu om 0|| zxx d | ||
| 040 | |a SZTE Diploma Repozitórium |b hun | ||
| 041 | |a zxx | ||
| 100 | 1 | |a Barta Ilona | |
| 245 | 1 | 2 | |a A szőlőtermesztés problémái Petőfiszálláson |h [elektronikus dokumentum] / |c Ilona Barta |
| 260 | |c 1964 | ||
| 650 | 4 | |a Pedagógusképzés | |
| 700 | 1 | |a nincs megadva |e ths | |
| 856 | 4 | 0 | |u http://diploma.bibl.u-szeged.hu/id/eprint/82350/1/itt_0687_1964_barta_ilona.pdf |z Dokumentum-elérés |